Search the Library Catalogue
| 000 -LEADER | |
|---|---|
| fixed length control field | 00676nam a2200229Ia 4500 |
| 008 - FIXED-LENGTH DATA ELEMENTS--GENERAL INFORMATION | |
| fixed length control field | 191130s2005##################000#0#eng## |
| 020 ## - INTERNATIONAL STANDARD BOOK NUMBER | |
| ISBN | 9783540214946 |
| 082 ## - DEWEY DECIMAL CLASSIFICATION NUMBER | |
| Classification number | 579.25 ENJ |
| 245 ## - TITLE STATEMENT | |
| Title | Coronavirus replication and reverse genetics |
| Statement of responsibility, etc | L. Enjuanes (ed.) |
| 250 ## - EDITION STATEMENT | |
| Edition statement | 1st ed |
| 260 ## - PUBLICATION, DISTRIBUTION, ETC. (IMPRINT) | |
| Place of publication | Berlin ; New York |
| Name of publisher | Springer |
| Year of publication | 2005 |
| 300 ## - PHYSICAL DESCRIPTION | |
| Number of Pages | vii, 257 p. : ill. (some col.) ; 24 cm |
| 500 ## - GENERAL NOTE | |
| General note | Includes bibliographical references and index |
| 650 ## - SUBJECT ADDED ENTRY--TOPICAL TERM | |
| Topical Term | Coronaviruses |
| Topical Term | Viral genetics |
| 700 ## - ADDED ENTRY--PERSONAL NAME | |
| Personal name | Enjuanes, Luis |
| 991 ## - | |
| -- | 223741 |
| Withdrawn status | Lost status | Damaged status | Not for loan | Home library | Current library | Shelving location | Date acquired | Full call number | Accession Number | Price effective from | Koha item type |
|---|---|---|---|---|---|---|---|---|---|---|---|
| Anna Centenary Library | Anna Centenary Library | 5TH FLOOR, A WING | 12.10.2020 | 579.25 ENJ | 262974 | 12.10.2020 | English Books |